000 00373nam a2200145Ia 4500
008 230917s9999||||xx |||||||||||||| ||und||
040 _e98881
_aMAIN
041 _aEnglish
082 _a515.353 E15N
100 _aEvans, G
245 0 _aNumerical methods for partial differential equations
260 _aLondon
_bSpringer-Verlag
_c1999
300 _a290 p.
942 _cBK
999 _c117073
_d117073